Devinettes III : Jokes de papas level - Statistiques

Statistiques générales
  • Ce quiz a été pris 178 fois
  • Le résultat moyen est 3 sur 10
Statistiques - réponses
Hint Réponse % Correct
Quel est le nombre préféré des vampires ? Le 100
87%
On me dit que Mozart est mort, mais quand j'ouvre mon frigo... Mozzarella
82%
Qui tombe sans se faire mal ? La nuit
44%
Qu’est-ce qu’un hamster dans l’espace ? Un hamsteroïde
25%
Comment appelle-t-on un rat sans queue ? Un rat courcit
24%
Quelle est la monnaie de la mer ? Le sous-marin
20%
Comment appelle-t-on des chaussures d'enterrement ? Des pompes funèbres
10%
Comment les bonnes soeurs se reproduisent-elles ? En couvant
3%
A quoi reconnait-on une vache médecin ? Sa bouse blanche
3%
Qu'est-ce qu'un chat surprenant ? Un chat alors
3%
Aucun quiz correspondant
Distribution des résultats
% des personnes avec chaque résultat
Percentile par nombre de réponses
Votre historique - résultats
Vous n’avez pas pris ce quiz